BIBLIOTECA PODER JUDICIAL
Portal Judicial TDF

Sobre la literalidad del concepto de la prisión perpetua / (Registro nro. 6460)

000 -LEADER
fixed length control field 01526nab a22002777a 4500
003 - CONTROL NUMBER IDENTIFIER
control field OSt
005 - DATE AND TIME OF LATEST TRANSACTION
control field 20260205105639.0
008 - FIXED-LENGTH DATA ELEMENTS--GENERAL INFORMATION
fixed length control field 190429b xxu||||| |||| 00| 0 spa d
040 ## - CATALOGING SOURCE
Transcribing agency PJ
100 ## - MAIN ENTRY--PERSONAL NAME
Personal name Maggio, Facundo
9 (RLIN) 4462
245 10 - TITLE STATEMENT
Title Sobre la literalidad del concepto de la prisión perpetua /
Statement of responsibility, etc Facundo Maggio, Lucas M. Maggio.
260 ## - PUBLICATION, DISTRIBUTION, ETC. (IMPRINT)
Date of publication, distribution, etc Ciudad Autónoma de Buenos Aires :
Place of publication, distribution, etc Thomson Reuters La Ley,
Name of publisher, distributor, etc 2024.
300 ## - PHYSICAL DESCRIPTION
Extent p. 227-229
500 ## - GENERAL NOTE
General note Cita: TR LALEY AR/DOC/858/2024.
505 ## - FORMATTED CONTENTS NOTE
Formatted contents note Sumario: I. Introducción.— II. Decisión de la Corte de Justicia de Salta. Constitucionalidad de la prisión perpetua.— III. Posición de la defensa. Recurso Extraordinario Federal.— IV. La posición de la CS. Disidencia Dr. Rosenkrantz.— V. Conclusiones.
505 ## - FORMATTED CONTENTS NOTE
Formatted contents note Fallo comentado: Trib. Impug. Sala III ~ 03/02/2016 ~ L., G. y otros.<br/>
505 ## - FORMATTED CONTENTS NOTE
Formatted contents note Fallo comentado: CS ~ 07/12/2023 ~ Lasi, Gustavo Orlando y otros s/ delito de doble homicidio calificado criminis causa, abuso sexual agravado y robo calificado.
505 ## - FORMATTED CONTENTS NOTE
Title Si te interesa el texto completo, solicitalo a koha@justierradelfuego.gov.ar
650 #0 - SUBJECT ADDED ENTRY--TOPICAL TERM
9 (RLIN) 343
Topical term or geographic name as entry element DERECHO PENAL
650 #0 - SUBJECT ADDED ENTRY--TOPICAL TERM
9 (RLIN) 4933
Topical term or geographic name as entry element PRISIÓN PERPETUA
650 #0 - SUBJECT ADDED ENTRY--TOPICAL TERM
9 (RLIN) 2954
Topical term or geographic name as entry element LIBERTAD CONDICIONAL
650 #0 - SUBJECT ADDED ENTRY--TOPICAL TERM
Topical term or geographic name as entry element CORTE SUPREMA DE JUSTICIA DE LA NACION
9 (RLIN) 822
700 ## - ADDED ENTRY--PERSONAL NAME
Personal name Maggio, Lucas M.
9 (RLIN) 7084
773 0# - HOST ITEM ENTRY
Host Biblionumber 2658
Host Itemnumber 3164
Title Revista de derecho penal y criminología. Nº 4 - Mayo 2024
Place, publisher, and date of publication Ciudad Autónoma de Buenos Aires : Thomson Reuters La Ley, 2017-
International Standard Serial Number 00347914
942 ## - ADDED ENTRY ELEMENTS (KOHA)
Source of classification or shelving scheme
Koha item type Analítica Artículo de Revista

No hay ítems disponibles.

12 de Octubre 789 Ushuaia - Tel:  54(02901)441571
Horario de Atención: 8.00 a 17.00 hs. 
bibliotecaush@justierradelfuego.gov.ar
koha@justierradelfuego.gov.ar
Seguinos en nuestras redes @bibliojustdf 

Con tecnología Koha